00399nam a22001337a 4500003000500000082000800005100001800013245006500031264003700096300001200133650002800145700003500173856005700208NUST a200 aDaud, Marium  aAutomated Anonymization of Court Room Records /cMarium Daud aIslamabad :bSEECS, NUST,c2021. a55 p. ; aMS in Computer Science  aSupervisor: Dr. Faisal Shafait uhttp://10.250.8.41:8080/xmlui/handle/123456789/29131